MARC details
| 000 -LEADER |
| campo de control de longitud fija |
01412nam a22002657a 4500 |
| 001 - NÚMERO DE CONTROL |
| campo de control |
002150 |
| 003 - IDENTIFICADOR DE NÚMERO DE CONTROL |
| campo de control |
CoMeUDC002150 |
| 005 - FECHA Y HORA DE LA ÚLTIMA TRANSACCIÓN |
| campo de control |
20190115182244.0 |
| 008 - DATOS DE LONGITUD FIJA--INFORMACIÓN GENERAL |
| campo de control de longitud fija |
081120n2008 ck gr 000 0 spa u |
| 020 ## - NÚMERO INTERNACIONAL ESTÁNDAR DEL LIBRO |
| Número Internacional Estándar del Libro |
9789588378503 |
| 040 ## - FUENTE DE CATALOGACIÓN |
| Centro catalogador/agencia de origen |
COBoUEX |
| Centro/agencia transcriptor |
CoMeUDC |
| 041 ## - CÓDIGO DE IDIOMA |
| Código de lengua del texto/banda sonora o título independiente |
spa |
| 043 ## - CÓDIGO DE ÁREA GEOGRÁFICA |
| Código de área geográfica |
s-ck--- |
| 049 ## - FONDOS LOCALES (OCLC) |
| Biblioteca depositaria |
n |
| 092 ## - ASIGNACIÓN LOCAL DE SIGNATURA TOPOGRÁFICA DEWEY (OCLC) |
| Número de clasificación |
344.086 |
| Número de ítem |
L157a |
| 100 ## - ENTRADA PRINCIPAL--NOMBRE DE PERSONA |
| Nombre de persona |
Regueros de Ladrón de Guevara, Sofía |
| 245 0# - MENCIÓN DEL TÍTULO |
| Título |
Aspectos tributarios del contrato de seguros : |
| Resto del título |
comentarios y normatividad colombiana / |
| Mención de responsabilidad, etc. |
Sofía Regueros de Ladrón de Guevara. |
| 260 ## - PUBLICACIÓN, DISTRIBUCIÓN, ETC. |
| Lugar de publicación, distribución, etc. |
Bogotá : |
| Nombre del editor, distribuidor, etc. |
Editorial Universidad del Rosario, |
| Fecha de publicación, distribución, etc. |
2008 |
| 300 ## - DESCRIPCIÓN FÍSICA |
| Extensión |
303 p. |
| 440 ## - MENCIÓN DE SERIE/PUNTO DE ACCESO ADICIONAL--TÍTULO |
| Título |
Colección textos de jurisprudencia |
| 505 ## - NOTA DE CONTENIDO CON FORMATO |
| Nota de contenido con formato |
El sistema tributario colombiano: clasificación de los ingresos del estado. El sistema de seguros en Colombia: generalidades de los cosntratos. Impuesto sobre la renta: aspectos genrales. Impuesto al valor agregado (IVA): elementos del IVA. Impuesto de timbre: aspectos generales, el impuesto de timbre desde el punto de vista del asegurador, del asegurado. Impuesto al patrimonio: elementos del impuesto al patrimonio. Jurisprudencia del: Consejo de Estado de Colombia, de la Corte Constitucional de Colombia, de la Corte Suprema de Justicia de Colombia, legislación internacional española |
| 650 #4 - PUNTO DE ACCESO ADICIONAL DE MATERIA--TÉRMINO DE MATERIA |
| Término de materia o nombre geográfico como elemento de entrada |
DERECHO FISCAL |
| Subdivisión geográfica |
COLOMBIA |
| 650 #4 - PUNTO DE ACCESO ADICIONAL DE MATERIA--TÉRMINO DE MATERIA |
| Término de materia o nombre geográfico como elemento de entrada |
Contratos de seguros |
| Subdivisión general |
LEGISLACION |
| Subdivisión geográfica |
COLOMBIA |
| 942 ## - ELEMENTOS DE ENTRADA SECUNDARIOS (KOHA) |
| Fuente del sistema de clasificación o colocación |
Clasificación Decimal Dewey |
| Tipo de ítem Koha |
Libros |